| 000 | 00397nam a2200157Ia 4500 | ||
|---|---|---|---|
| 008 | 230312s9999||||xx |||||||||||||| ||und|| | ||
| 020 | _a0-07-240430-2 | ||
| 082 |
_a658.1552 _bBLO-C |
||
| 100 | _aBlocher,Edward J. | ||
| 245 | 0 | _aCost Management | |
| 260 |
_bMcGraw Hill _aNew York _c2002 |
||
| 300 | _a1010 | ||
| 546 | _aEng. | ||
| 650 |
_aManagement _vIntroduction to Cost Management |
||
| 942 | _cBK | ||
| 999 |
_c887 _d887 |
||